| 000 | 00485nam a2200193Ia 4500 | ||
|---|---|---|---|
| 005 | 20140403075000.0 | ||
| 008 | 140130s9999 xx 000 0 und d | ||
| 020 | _a0439323428 | ||
| 050 |
_aPZ 7 _b.N8248Bm 2001 |
||
| 100 |
_aNorton, Mary _924059 |
||
| 245 |
_cMary Norton. _aBorrowers Avenged, The |
||
| 260 |
_bScholastic, _c2001. _aUSA : |
||
| 300 |
_a298 p. : _bill. ; _c21 cm. |
||
| 440 |
_v1 _931174 |
||
| 521 | _aG5 | ||
| 526 | _c770 | ||
| 942 |
_cBK _2lcc |
||
| 999 |
_c41106 _d41106 |
||